Car Brand Logos #4 - Statistics

General Stats
  • This quiz has been taken 4,654 times
  • The average score is 8 of 12
Answer Stats
Picture Answer % Correct
Kia
95%
Rolls Royce
91%
Jeep
88%
Land Rover
88%
Aston Martin
86%
Bugatti
85%
Renault
77%
McLaren
75%
Lotus
69%
Chrysler
46%
Holden
29%
Mahindra
15%
No matching quizzes found
Score Distribution
Percent of People with Each Score
Percentile by Number Answered
Your Score History
You have not taken this quiz